<?xml version="1.0" encoding="UTF-8"?>
<record
    xmlns:xsi="http://www.w3.org/2001/XMLSchema-instance"
    xsi:schemaLocation="http://www.loc.gov/MARC21/slim http://www.loc.gov/standards/marcxml/schema/MARC21slim.xsd"
    xmlns="http://www.loc.gov/MARC21/slim">

  <leader>01045nam0a22003131  4500</leader>
  <controlfield tag="001">RU\NLR\INFOCOMM_190\5000044161</controlfield>
  <controlfield tag="005">20250613093338.0</controlfield>
  <datafield tag="035" ind1=" " ind2=" ">
    <subfield code="a">(NLR Aleph) 009198930</subfield>
  </datafield>
  <datafield tag="090" ind1=" " ind2=" ">
    <subfield code="a">8677375</subfield>
    <subfield code="c">8677375</subfield>
  </datafield>
  <datafield tag="100" ind1=" " ind2=" ">
    <subfield code="a">20100421d1981    |||y0rusy50      ca</subfield>
  </datafield>
  <datafield tag="101" ind1="0" ind2=" ">
    <subfield code="a">eng</subfield>
  </datafield>
  <datafield tag="102" ind1=" " ind2=" ">
    <subfield code="a">RU</subfield>
  </datafield>
  <datafield tag="105" ind1=" " ind2=" ">
    <subfield code="a">a   ||||000|y</subfield>
  </datafield>
  <datafield tag="200" ind1="1" ind2=" ">
    <subfield code="a">P-odd Van der Waals forces</subfield>
    <subfield code="f">I. B. Khriplovich a. O. L. Zhizhimov</subfield>
  </datafield>
  <datafield tag="210" ind1=" " ind2=" ">
    <subfield code="a">&#x41D;&#x43E;&#x432;&#x43E;&#x441;&#x438;&#x431;&#x438;&#x440;&#x441;&#x43A;</subfield>
    <subfield code="d">1981</subfield>
  </datafield>
  <datafield tag="215" ind1=" " ind2=" ">
    <subfield code="a">14 &#x441;.</subfield>
    <subfield code="c">&#x447;&#x435;&#x440;&#x442;.</subfield>
    <subfield code="d">20 &#x441;&#x43C;</subfield>
  </datafield>
  <datafield tag="225" ind1="1" ind2=" ">
    <subfield code="a">&#x41F;&#x440;&#x435;&#x43F;&#x440;&#x438;&#x43D;&#x442;</subfield>
    <subfield code="f">&#x418;&#x43D;-&#x442; &#x44F;&#x434;&#x435;&#x440;. &#x444;&#x438;&#x437;&#x438;&#x43A;&#x438; &#x421;&#x41E; &#x410;&#x41D; &#x421;&#x421;&#x421;&#x420;</subfield>
    <subfield code="v">81-133</subfield>
  </datafield>
  <datafield tag="320" ind1=" " ind2=" ">
    <subfield code="a">&#x411;&#x438;&#x431;&#x43B;&#x438;&#x43E;&#x433;&#x440;.: &#x441;. 12-13</subfield>
  </datafield>
  <datafield tag="606" ind1=" " ind2=" ">
    <subfield code="a">&#x421;&#x438;&#x43B;&#x44B; &#x412;&#x430;&#x43D;-&#x434;&#x435;&#x440;-&#x412;&#x430;&#x430;&#x43B;&#x44C;&#x441;&#x430;</subfield>
    <subfield code="2">nlr_sh1</subfield>
  </datafield>
  <datafield tag="686" ind1=" " ind2=" ">
    <subfield code="a">&#x412;382.42</subfield>
    <subfield code="2">rubbk</subfield>
  </datafield>
  <datafield tag="700" ind1=" " ind2="1">
    <subfield code="9">z01790</subfield>
    <subfield code="a">Chriplovi&#x10D;</subfield>
    <subfield code="b">I. B.</subfield>
    <subfield code="g">Iosif Bencionovi&#x10D;</subfield>
    <subfield code="4">070</subfield>
  </datafield>
  <datafield tag="701" ind1=" " ind2="1">
    <subfield code="9">z02790</subfield>
    <subfield code="a">&#x17D;i&#x17E;imov</subfield>
    <subfield code="b">O. L.</subfield>
    <subfield code="4">070</subfield>
  </datafield>
  <datafield tag="790" ind1=" " ind2="1">
    <subfield code="9">z01700</subfield>
    <subfield code="a">Khriplovich</subfield>
    <subfield code="b">I. B.</subfield>
    <subfield code="4">070</subfield>
  </datafield>
  <datafield tag="790" ind1=" " ind2="1">
    <subfield code="9">z02701</subfield>
    <subfield code="a">Zhizhimov</subfield>
    <subfield code="b">O. L.</subfield>
    <subfield code="4">070</subfield>
  </datafield>
  <datafield tag="801" ind1=" " ind2="1">
    <subfield code="a">RU</subfield>
    <subfield code="b">NLR</subfield>
    <subfield code="c">20100421</subfield>
  </datafield>
  <datafield tag="801" ind1=" " ind2="0">
    <subfield code="a">RU</subfield>
    <subfield code="b">NLR</subfield>
    <subfield code="g">PSBO</subfield>
  </datafield>
  <datafield tag="852" ind1=" " ind2=" ">
    <subfield code="a">NLR</subfield>
    <subfield code="j">&#x424;&#x437;01 &#x414;-4/2029</subfield>
  </datafield>
  <datafield tag="942" ind1=" " ind2=" ">
    <subfield code="c">BOOK</subfield>
  </datafield>
  <datafield tag="980" ind1=" " ind2=" ">
    <subfield code="a">NB</subfield>
  </datafield>
  <datafield tag="995" ind1=" " ind2=" ">
    <subfield code="5">2013-10-26</subfield>
    <subfield code="b">NLR01</subfield>
    <subfield code="c">NLR01</subfield>
    <subfield code="e">IF</subfield>
    <subfield code="f">9198930-10</subfield>
    <subfield code="k">&#x424;&#x437;01 &#x414;-4/2029</subfield>
    <subfield code="o">0</subfield>
    <subfield code="r">BOOK</subfield>
    <subfield code="s">01_42029</subfield>
  </datafield>
</record>
